000 00425nam a2200133 i 4500
001 bg
245 0 _aUkłady i systemy mikroprocesorowe.
_nCz. 2,
_pOprogramowanie, układy sprzęgające /
_cKrzysztof Badźmirowski [et al.].
260 _aWarszawa :
_bWydawnictwa Naukowo-Techniczne,
_c1990.
700 1 _aBadźmirowski, Krzysztof.
040 _cBPK
041 _apol
942 _cKS
008 s pl f |000 0 pol
999 _c4399
_d4399
856 _uhttp://koha.tu.koszalin.pl/cgi-bin/koha/opac-detail.pl?biblionumber=4399
_yKatalog online BPK